Power Electronics (Record no. 1017)
[ view plain ]
| 000 -LEADER | |
|---|---|
| fixed length control field | 00731 a2200229 4500 |
| 003 - CONTROL NUMBER IDENTIFIER | |
| control field | dpl0 |
| 005 - DATE AND TIME OF LATEST TRANSACTION | |
| control field | 20180724111347.0 |
| 008 - FIXED-LENGTH DATA ELEMENTS--GENERAL INFORMATION | |
| fixed length control field | 080822t xxu||||| |||| 00| 0 eng d |
| 010 ## - LIBRARY OF CONGRESS CONTROL NUMBER | |
| LC control number | ENG-85069 |
| 020 ## - INTERNATIONAL STANDARD BOOK NUMBER | |
| International Standard Book Number | 8188689211 |
| Terms of availability | 395.00 |
| 035 ## - SYSTEM CONTROL NUMBER | |
| System control number | EN-68602,B-158464 |
| 037 ## - SOURCE OF ACQUISITION | |
| Source of stock number/acquisition | D.B.Act / Pub |
| 040 ## - CATALOGING SOURCE | |
| Original cataloging agency | dpl |
| Language of cataloging | ENG |
| Transcribing agency | 0 |
| 082 ## - DEWEY DECIMAL CLASSIFICATION NUMBER | |
| Classification number | 621.3192 |
| 100 ## - MAIN ENTRY--PERSONAL NAME | |
| Personal name | Thorborg, Kjeld |
| 245 ## - TITLE STATEMENT | |
| Title | Power Electronics |
| Statement of responsibility, etc | by Kjeld Thorborg |
| Remainder of title | in theory and practice |
| 260 ## - PUBLICATION, DISTRIBUTION, ETC. (IMPRINT) | |
| Place of publication, distribution, etc | New Delhi |
| Name of publisher, distributor, etc | Overseas Press India |
| Date of publication, distribution, etc | 2005 |
| 270 ## - ADDRESS | |
| Address | 7/28, Ansari Road, Darya Ganj |
| City | New Delhi |
| Postal code | 110 002 |
| Electronic mail address | overseas@de13.vsnl.nic.in |
| 300 ## - PHYSICAL DESCRIPTION | |
| Extent | 518p. |
| Other physical details | 23cm.(Pbk) |
| 500 ## - GENERAL NOTE | |
| General note | includes index |
| 942 ## - ADDED ENTRY ELEMENTS (KOHA) | |
| Institution code [OBSOLETE] | dpl |
| Koha item type | English Books |
| Call number prefix | 621.3192/ THO |
| Source of classification or shelving scheme | Dewey Decimal Classification |
| Classification part | 621.3192 |
| Call number suffix | THO |
| Withdrawn status | Lost status | Damaged status | Not for loan | Home library | Current library | Date acquired | Cost, normal purchase price | Total Checkouts | Full call number | Barcode | Date last seen | Copy number | Uniform Resource Identifier | Cost, replacement price | Price effective from | Koha item type | Source of classification or shelving scheme | Collection code | Source of acquisition |
|---|---|---|---|---|---|---|---|---|---|---|---|---|---|---|---|---|---|---|---|
| D.B.Act.Division | D.B.Act.Division | 22/08/2008 | 395.00 | 621.3192 THO | EN-68602 | 15/09/2008 | 1 | 1089 | 395.00 | 15/09/2008 | English Books | ||||||||
| Not For Loan | Tri Nagar | Tri Nagar | 24/07/2018 | 0.00 | 621.3192 THO | B-158464 | 24/07/2018 | 1 | 0.00 | 24/07/2018 | English Books | Dewey Decimal Classification | Non-fiction | BPPD/pub |
